Theory of Markov processes.
Guardado en:
| Autor Principal: | |
|---|---|
| Formato: | Libro |
| Idioma: | English |
| Publicado: |
New York :
Pergamon Press,
1960.
|
| Materias: | |
| Etiquetas: |
Agregar Etiqueta
Sin Etiquetas, Sea el primero en etiquetar este registro!
|
| LEADER | 00575cam a2200181ua 4500 | ||
|---|---|---|---|
| 001 | MAT.inmabb005702 | ||
| 008 | 830616s1960####nyu###########000#0#eng## | ||
| 005 | 20130311174024.0 | ||
| 245 | 1 | 0 | |a Theory of Markov processes. |
| 260 | |a New York : |b Pergamon Press, |c 1960. | ||
| 300 | |a 210 p. ; |c 22 cm. | ||
| 100 | 1 | |a Dynkin, E. B. |q (Evgenii Borisovich), |d 1924- | |
| 240 | 1 | 0 | |a Osnovaniia teorii markovskikh protsessov. |l Inglés |
| 650 | 0 | |a Markov processes. | |
| 084 | |a 60-02 (60J25) |2 msc2000 | ||
| 010 | |a 60015549 | ||
| 040 | |a DLC |c CarP |d DLC | ||
| 859 | |h 60 |i D997 |p A-2892 |b BIB. MATEMATICA | ||
